[Event "Sparkassen-Open A"]
[Site "Heusenstamm, Martinsee"]
[Date "2023.11.23"]
[Round "1.1"]
[White "Korneev, Oleg"]
[Black "Krychevskiy, Dmytro"]
[Result "1-0"]
[WhiteElo "2470"]
[BlackElo "1888"]
[PlyCount "69"]
[EventDate "2023.??.??"]
[WhiteTeam "TSV Schönaich"]
[BlackTeam "SV Oberursel"]

1. e4 {[%emt 0:00:36]} Nf6 {[%emt 0:00:16]} 2. e5 Nd5 {[%emt 0:00:09]} 3. d4 {[%emt 0:00:13]} d6 {[%emt 0:00:04]} 4. Nf3 Bg4 {[%emt 0:00:57]} 5. Be2 {[%emt 0:02:29]} e6 {[%emt 0:01:07]} 6. O-O {[%emt 0:00:04]} Be7 {[%emt 0:00:07]} 7. c4 {[%emt 0:03:06]} Nb6 {[%emt 0:00:08]} 8. Nc3 {[%emt 0:00:29]} Nc6 {[%emt 0:03:54]} 9. exd6 {[%emt 0:02:44]} cxd6 {[%emt 0:01:09]} 10. d5 {[%emt 0:00:18]} exd5 {[%emt 0:02:34]} 11. cxd5 {[%emt 0:00:37]} Bxf3 {[%emt 0:00:10]} 12. Bxf3 {[%emt 0:08:19]} Ne5 {[%emt 0:00:44]} 13. Be2 {[%emt 0:00:35]} O-O {[%emt 0:00:45]} 14. a4 {[%emt 0:00:04]} a5 {[%emt 0:04:57]} 15. Ra3 {[%emt 0:05:48]} Ned7 {[%emt 0:09:47]} 16. Nb5 {[%emt 0:09:24]} Nc5 {[%emt 0:02:31]} 17. Be3 {[%emt 0:02:48]} Bf6 {[%emt 0:15:15]} 18. Bxc5 {[%emt 0:08:36]} dxc5 {[%emt 0:00:22]} 19. d6 {[%emt 0:03:13]} c4 {[%emt 0:09:07]} 20. Qc2 {[%emt 0:04:41]} Rc8 {[%emt 0:03:41]} 21. Rd1 {[%emt 0:07:04]} Rc5 {[%emt 0:05:29]} 22. Rh3 {[%emt 0:09:12]} h6 {[%emt 0:05:39]} 23. b3 {[%emt 0:11:40]} c3 {[%emt 0:08:03]} 24. Rhd3 {[%emt 0:10:50]} Qd7 {[%emt 0:06:17]} 25. Bf3 {[%emt 0:00:21]} Rb8 {[%emt 0:02:18]} 26. Re3 {[%emt 0:00:37]} Rbc8 {[%emt 0:02:22]} 27. g3 {[%emt 0:00:44]} Rd8 {[%emt 0:03:02]} 28. Kg2 {[%emt 0:00:49]} Rb8 {[%emt 0:01:48]} 29. h4 g6 {[%emt 0:00:38]} 30. Nxc3 {[%emt 0:01:09]} Rbc8 {[%emt 0:00:07]} 31. Ne4 {[%emt 0:01:15]} Rxc2 {[%emt 0:00:43]} 32. Nxf6+ {[%emt 0:00:04]} Kg7 {[%emt 0:00:39]} 33. Nxd7 Nxd7 {[%emt 0:01:16]} 34. Bxb7 {[%emt 0:00:16]} Rb8 {[%emt 0:02:50]} 35. Ba6 {[%emt 0:04:24]} 1-0

[Event "Sparkassen-Open A"]
[Site "Heusenstamm, Martinsee"]
[Date "2023.11.23"]
[Round "1.2"]
[White "Büse, Ralf"]
[Black "Poetsch, Hagen"]
[Result "0-1"]
[WhiteElo "1898"]
[BlackElo "2467"]
[PlyCount "56"]
[EventDate "2023.??.??"]
[WhiteTeam "SC Ladja Roßdorf"]
[BlackTeam "SC Heusenstamm"]

1. d4 {[%emt 0:00:05]} Nf6 {[%emt 0:00:37]} 2. Nf3 c5 3. g3 {[%emt 0:01:26]} cxd4 {[%emt 0:00:44]} 4. Bg2 e5 {[%emt 0:00:26]} 5. O-O {[%emt 0:00:40]} Nc6 {[%emt 0:00:35]} 6. c3 {[%emt 0:02:51]} dxc3 {[%emt 0:00:26]} 7. Nxc3 d5 {[%emt 0:04:19]} 8. Bg5 {[%emt 0:02:48]} d4 {[%emt 0:02:01]} 9. Ne4 {[%emt 0:01:06]} Be7 {[%emt 0:00:09]} 10. Bxf6 {[%emt 0:01:10]} Bxf6 {[%emt 0:01:31]} 11. Qa4 {[%emt 0:00:47]} O-O {[%emt 0:00:10]} 12. Rad1 {[%emt 0:01:40]} Be7 {[%emt 0:04:31]} 13. e3 {[%emt 0:08:00]} Bd7 {[%emt 0:04:29]} 14. exd4 {[%emt 0:03:54]} Nxd4 {[%emt 0:00:23]} 15. Qc4 {[%emt 0:00:19]} Bb5 {[%emt 0:05:23]} 16. Qxb5 {[%emt 0:01:51]} Nxb5 {[%emt 0:00:20]} 17. Rxd8 Raxd8 {[%emt 0:00:51]} 18. Nxe5 {[%emt 0:02:05]} f5 {[%emt 0:03:14]} 19. Nc3 {[%emt 0:04:33]} Nxc3 {[%emt 0:01:50]} 20. bxc3 {[%emt 0:00:06]} Bf6 {[%emt 0:00:57]} 21. Nc4 {[%emt 0:01:30]} b6 {[%emt 0:03:24]} 22. Ne3 {[%emt 0:03:16]} Bxc3 {[%emt 0:00:28]} 23. Nd5 {[%emt 0:00:29]} Bf6 {[%emt 0:00:41]} 24. h4 {[%emt 0:02:15]} Rd6 {[%emt 0:00:45]} 25. Rd1 {[%emt 0:06:20]} Kf7 {[%emt 0:00:20]} 26. Rd3 {[%emt 0:00:26]} Rc8 {[%emt 0:01:21]} 27. Ra3 {[%emt 0:00:51]} a5 {[%emt 0:01:16]} 28. Rb3 {[%emt 0:01:07]} Bd4 0-1

[Event "Sparkassen-Open A"]
[Site "Heusenstamm, Martinsee"]
[Date "2023.11.23"]
[Round "1.3"]
[White "Krastev, Alexander"]
[Black "Zimmer, Gerald"]
[Result "1-0"]
[WhiteElo "2440"]
[BlackElo "1897"]
[PlyCount "55"]
[EventDate "2023.??.??"]
[WhiteTeam "Biebertaler SF"]
[BlackTeam "SC Bergen-Enkheim 1922"]

1. e4 e6 2. d4 {[%emt 0:01:30]} d5 {[%emt 0:00:03]} 3. e5 c5 {[%emt 0:00:15]} 4. c3 {[%emt 0:00:06]} Nc6 {[%emt 0:00:22]} 5. Nf3 {[%emt 0:00:07]} Qb6 {[%emt 0:00:15]} 6. Bd3 {[%emt 0:00:11]} cxd4 {[%emt 0:01:27]} 7. O-O {[%emt 0:00:23]} Bd7 {[%emt 0:02:53]} 8. Re1 {[%emt 0:00:17]} Rc8 {[%emt 0:05:02]} 9. h4 {[%emt 0:07:04]} a5 {[%emt 0:09:12]} 10. h5 {[%emt 0:17:14]} Bc5 {[%emt 0:10:44]} 11. Qe2 {[%emt 0:00:09]} Nge7 {[%emt 0:11:45]} 12. Nbd2 {[%emt 0:02:54]} a4 {[%emt 0:06:06]} 13. b4 {[%emt 0:13:49]} axb3 {[%emt 0:00:48]} 14. Nxb3 {[%emt 0:00:39]} dxc3 {[%emt 0:01:59]} 15. Nxc5 {[%emt 0:00:08]} Qxc5 {[%emt 0:00:21]} 16. Rb1 {[%emt 0:00:10]} Qa7 {[%emt 0:03:27]} 17. Rb3 {[%emt 0:01:33]} d4 {[%emt 0:04:56]} 18. h6 {[%emt 0:01:07]} g6 {[%emt 0:02:12]} 19. Nh2 {[%emt 0:02:29]} Nd5 {[%emt 0:01:26]} 20. Ng4 {[%emt 0:00:55]} Nce7 {[%emt 0:04:33]} 21. Qf3 {[%emt 0:07:30]} Nf5 {[%emt 0:08:11]} 22. Be4 {[%emt 0:02:30]} Nh4 {[%emt 0:11:50]} 23. Nf6+ {[%emt 0:17:53]} Kd8 {[%emt 0:00:08]} 24. Qd3 {[%emt 0:03:24]} Nf5 {[%emt 0:04:10]} 25. Bg5 {[%emt 0:05:00]} Nfe7 {[%emt 0:00:27]} 26. Bxd5 {[%emt 0:00:24]} exd5 {[%emt 0:02:26]} 27. Nxd5 {[%emt 0:00:46]} Be6 {[%emt 0:00:06]} 28. Nxe7 {[%emt 0:00:40]} 1-0

[Event "Sparkassen-Open A"]
[Site "Heusenstamm, Martinsee"]
[Date "2023.11.23"]
[Round "1.4"]
[White "Nagel, Matthias"]
[Black "Milov, Leonid"]
[Result "0-1"]
[WhiteElo "1893"]
[BlackElo "2422"]
[PlyCount "66"]
[EventDate "2023.??.??"]
[WhiteTeam "SV 1920 Kelsterbach"]
[BlackTeam "SC Noris-Tarrasch Nürnberg 1873"]

1. d4 f5 {[%emt 0:00:14]} 2. Nc3 Nf6 {[%emt 0:00:16]} 3. Bf4 {[%emt 0:00:41]} e6 {[%emt 0:00:32]} 4. e3 {[%emt 0:00:20]} Bb4 {[%emt 0:01:31]} 5. a3 {[%emt 0:04:13]} Bxc3+ {[%emt 0:00:13]} 6. bxc3 d6 {[%emt 0:01:10]} 7. Bc4 {[%emt 0:17:11]} Nc6 {[%emt 0:09:46]} 8. Ne2 {[%emt 0:13:02]} O-O {[%emt 0:07:19]} 9. h3 {[%emt 0:10:39]} Qe8 {[%emt 0:08:21]} 10. Bh2 {[%emt 0:08:23]} Kh8 {[%emt 0:03:02]} 11. Bd3 {[%emt 0:05:50]} e5 {[%emt 0:01:17]} 12. Qd2 {[%emt 0:06:31]} a6 {[%emt 0:08:53]} 13. Bc4 {[%emt 0:03:53]} Be6 {[%emt 0:08:37]} 14. Bxe6 {[%emt 0:04:19]} Qxe6 {[%emt 0:00:17]} 15. O-O Na5 {[%emt 0:01:29]} 16. a4 {[%emt 0:04:25]} Nc4 {[%emt 0:00:15]} 17. Qc1 {[%emt 0:00:36]} b6 {[%emt 0:00:47]} 18. Rb1 {[%emt 0:02:31]} Rae8 {[%emt 0:01:15]} 19. Rb4 {[%emt 0:00:59]} c5 {[%emt 0:00:46]} 20. Rb3 {[%emt 0:01:47]} Qd7 {[%emt 0:02:00]} 21. a5 {[%emt 0:03:41]} b5 {[%emt 0:00:12]} 22. Rd1 {[%emt 0:01:19]} Qc6 {[%emt 0:01:00]} 23. Qa1 {[%emt 0:04:21]} g5 {[%emt 0:00:48]} 24. Qc1 {[%emt 0:03:57]} f4 {[%emt 0:01:17]} 25. Re1 {[%emt 0:01:49]} f3 {[%emt 0:06:40]} 26. Ng3 {[%emt 0:00:55]} Ne4 {[%emt 0:02:24]} 27. gxf3 {[%emt 0:01:19]} Ned2 {[%emt 0:03:58]} 28. e4 Nxf3+ {[%emt 0:00:37]} 29. Kg2 {[%emt 0:00:47]} Ncd2 {[%emt 0:09:02]} 30. d5 {[%emt 0:01:00]} Qd7 {[%emt 0:01:31]} 31. Re2 {[%emt 0:00:12]} Nh4+ {[%emt 0:00:27]} 32. Kh1 {[%emt 0:01:05]} Qxh3 {[%emt 0:00:24]} 33. Qg1 {[%emt 0:00:11]} Ndf3 {[%emt 0:00:42]} 0-1

[Event "Sparkassen-Open A"]
[Site "Heusenstamm, Martinsee"]
[Date "2023.11.23"]
[Round "1.5"]
[White "Golubka, Petro"]
[Black "Sheng, Ming"]
[Result "1-0"]
[WhiteElo "2419"]
[BlackElo "1769"]
[PlyCount "109"]
[EventDate "2023.??.??"]
[WhiteTeam "Krakau"]
[BlackTeam "SC Rochade Saarlouis 1993 e.V."]

1. e4 {[%emt 0:00:48]} c6 {[%emt 0:00:41]} 2. d4 d5 {[%emt 0:00:03]} 3. e5 Bf5 4. h4 {[%emt 0:00:04]} h5 {[%emt 0:00:04]} 5. Bd3 {[%emt 0:00:03]} Bxd3 {[%emt 0:00:07]} 6. Qxd3 {[%emt 0:00:10]} e6 {[%emt 0:00:07]} 7. Ne2 {[%emt 0:01:47]} Qa5+ {[%emt 0:02:01]} 8. c3 {[%emt 0:01:11]} Qa6 {[%emt 0:00:13]} 9. Qf3 {[%emt 0:00:11]} Nd7 {[%emt 0:01:15]} 10. O-O {[%emt 0:00:43]} Ne7 {[%emt 0:00:43]} 11. Ng3 {[%emt 0:00:17]} g6 {[%emt 0:02:09]} 12. Bg5 {[%emt 0:00:07]} Bg7 {[%emt 0:02:14]} 13. a4 {[%emt 0:00:37]} Qb6 {[%emt 0:00:23]} 14. a5 {[%emt 0:00:59]} Qd8 {[%emt 0:00:22]} 15. a6 {[%emt 0:00:07]} b6 {[%emt 0:00:27]} 16. Na3 {[%emt 0:00:41]} O-O {[%emt 0:01:20]} 17. Qe2 {[%emt 0:00:13]} Qe8 {[%emt 0:01:36]} 18. c4 {[%emt 0:00:37]} dxc4 {[%emt 0:01:41]} 19. Nxc4 {[%emt 0:00:19]} Nf5 {[%emt 0:00:05]} 20. Rfd1 {[%emt 0:16:50]} c5 {[%emt 0:05:34]} 21. Nxf5 {[%emt 0:01:08]} exf5 22. Nd6 Qe6 {[%emt 0:00:36]} 23. Nb5 {[%emt 0:00:12]} cxd4 {[%emt 0:03:26]} 24. Nc7 {[%emt 0:00:17]} Qxe5 {[%emt 0:00:30]} 25. Qxe5 Bxe5 {[%emt 0:00:46]} 26. Nxa8 Rxa8 {[%emt 0:00:04]} 27. Be7 {[%emt 0:02:10]} Re8 {[%emt 0:03:36]} 28. Bb4 {[%emt 0:00:09]} Bf6 {[%emt 0:01:44]} 29. Rac1 {[%emt 0:01:07]} Re2 {[%emt 0:02:11]} 30. Rd2 {[%emt 0:01:12]} Rxd2 {[%emt 0:00:57]} 31. Rc8+ {[%emt 0:00:40]} Kg7 {[%emt 0:00:23]} 32. Bxd2 {[%emt 0:00:19]} Nc5 {[%emt 0:00:17]} 33. Rc7 {[%emt 0:03:45]} Nxa6 {[%emt 0:03:16]} 34. Rxa7 {[%emt 0:00:18]} Nc5 {[%emt 0:00:13]} 35. b4 {[%emt 0:07:35]} Ne4 {[%emt 0:00:42]} 36. Bf4 {[%emt 0:00:51]} Bxh4 {[%emt 0:23:38]} 37. f3 {[%emt 0:05:55]} Nc3 {[%emt 0:02:01]} 38. Kf1 {[%emt 0:00:04]} Nd5 {[%emt 0:05:10]} 39. Bd2 {[%emt 0:00:34]} Be7 {[%emt 0:00:30]} 40. b5 {[%emt 0:00:25]} Bb4 {[%emt 0:13:17]} 41. Rd7 {[%emt 0:02:38]} Bxd2 {[%emt 0:05:37]} 42. Rxd5 {[%emt 0:00:12]} Be3 {[%emt 0:00:23]} 43. Ke2 {[%emt 0:00:11]} Kf6 {[%emt 0:02:09]} 44. Rd6+ {[%emt 0:00:42]} Ke5 45. Rxb6 {[%emt 0:00:06]} Kf4 {[%emt 0:00:08]} 46. Rd6 {[%emt 0:01:37]} Kg3 {[%emt 0:01:40]} 47. b6 {[%emt 0:00:26]} Bf4 {[%emt 0:01:15]} 48. Rxd4 {[%emt 0:00:10]} Bb8 {[%emt 0:00:09]} 49. Kf1 {[%emt 0:00:26]} h4 {[%emt 0:00:21]} 50. Rd8 {[%emt 0:01:22]} Bf4 {[%emt 0:00:15]} 51. Rf8 {[%emt 0:00:34]} h3 {[%emt 0:02:14]} 52. gxh3 {[%emt 0:00:29]} Kxf3 {[%emt 0:00:54]} 53. Rxf7 {[%emt 0:00:03]} Kg3 {[%emt 0:00:03]} 54. Rf6 {[%emt 0:00:04]} Kxh3 {[%emt 0:04:58]} 55. Rxg6 {[%emt 0:00:38]} 1-0

[Event "Sparkassen-Open A"]
[Site "Heusenstamm, Martinsee"]
[Date "2023.11.23"]
[Round "1.7"]
[White "Krause, Benedict"]
[Black "Gürtler, Karlheinz"]
[Result "1-0"]
[WhiteElo "2394"]
[BlackElo "1871"]
[PlyCount "45"]
[EventDate "2023.??.??"]
[WhiteTeam "FC ST.Pauli 1910 eV SAbt"]
[BlackTeam "SC Ober-Ramstadt"]

1. e4 {[%emt 0:00:05]} e5 {[%emt 0:00:05]} 2. Nf3 {[%emt 0:00:07]} d6 {[%emt 0:00:04]} 3. d4 {[%emt 0:00:28]} exd4 {[%emt 0:00:44]} 4. Nxd4 Nf6 {[%emt 0:00:16]} 5. Nc3 Be7 {[%emt 0:00:10]} 6. Bf4 {[%emt 0:00:36]} O-O {[%emt 0:00:18]} 7. Qd2 {[%emt 0:00:34]} c6 {[%emt 0:04:34]} 8. O-O-O {[%emt 0:00:50]} d5 {[%emt 0:01:42]} 9. e5 {[%emt 0:30:35]} Nh5 {[%emt 0:11:12]} 10. Bg3 {[%emt 0:10:13]} Nd7 {[%emt 0:13:45]} 11. f4 {[%emt 0:04:50]} Nc5 {[%emt 0:07:12]} 12. Be2 {[%emt 0:11:43]} g6 {[%emt 0:06:14]} 13. Bxh5 {[%emt 0:01:15]} gxh5 14. f5 {[%emt 0:00:12]} Bg5 {[%emt 0:05:48]} 15. Bf4 {[%emt 0:00:28]} h6 {[%emt 0:00:31]} 16. f6 {[%emt 0:01:51]} Bxf4 {[%emt 0:02:20]} 17. Qxf4 Kh7 {[%emt 0:00:15]} 18. Nf5 {[%emt 0:00:32]} Bxf5 {[%emt 0:00:03]} 19. Qxf5+ {[%emt 0:00:04]} Kh8 {[%emt 0:00:17]} 20. Qxh5 {[%emt 0:00:06]} Kh7 {[%emt 0:00:18]} 21. Rd4 {[%emt 0:02:23]} Rg8 {[%emt 0:02:04]} 22. Qxf7+ {[%emt 0:00:46]} Kh8 23. Rh4 {[%emt 0:02:14]} 1-0

[Event "Sparkassen-Open A"]
[Site "Heusenstamm, Martinsee"]
[Date "2023.11.23"]
[Round "1.8"]
[White "Weil, Michael"]
[Black "Nothnagel, Marian Can"]
[Result "0-1"]
[WhiteElo "1882"]
[BlackElo "2394"]
[PlyCount "74"]
[EventDate "2023.??.??"]
[WhiteTeam "SC Steinbach"]
[BlackTeam "Schachforum Darmstadt 1994"]

1. d4 Nf6 2. Nf3 {[%emt 0:00:08]} g6 {[%emt 0:00:03]} 3. Bg5 {[%emt 0:00:22]} Bg7 {[%emt 0:00:09]} 4. Nbd2 {[%emt 0:00:05]} O-O {[%emt 0:00:46]} 5. c3 {[%emt 0:00:05]} d6 {[%emt 0:01:09]} 6. e3 {[%emt 0:00:36]} c5 7. dxc5 {[%emt 0:01:03]} dxc5 {[%emt 0:00:37]} 8. Bxf6 Bxf6 {[%emt 0:00:04]} 9. Ne4 {[%emt 0:00:04]} Qb6 {[%emt 0:04:35]} 10. Nxf6+ {[%emt 0:00:27]} Qxf6 {[%emt 0:02:21]} 11. Qb3 {[%emt 0:15:19]} Nc6 {[%emt 0:06:41]} 12. Qd5 {[%emt 0:09:52]} b6 {[%emt 0:04:35]} 13. Qg5 {[%emt 0:00:30]} Qxg5 {[%emt 0:02:24]} 14. Nxg5 {[%emt 0:00:14]} Rd8 {[%emt 0:04:34]} 15. f4 {[%emt 0:07:04]} Bb7 {[%emt 0:17:28]} 16. Rd1 {[%emt 0:05:03]} Rxd1+ {[%emt 0:03:28]} 17. Kxd1 Rd8+ {[%emt 0:15:37]} 18. Kc1 {[%emt 0:00:32]} Na5 {[%emt 0:08:50]} 19. Rg1 {[%emt 0:06:45]} Bd5 {[%emt 0:02:44]} 20. b3 {[%emt 0:00:34]} Nb7 {[%emt 0:04:43]} 21. e4 {[%emt 0:06:55]} h6 {[%emt 0:00:20]} 22. exd5 {[%emt 0:00:56]} hxg5 23. Ba6 {[%emt 0:03:25]} Nd6 {[%emt 0:00:35]} 24. Re1 {[%emt 0:11:26]} gxf4 {[%emt 0:06:03]} 25. Rxe7 {[%emt 0:00:30]} Kg7 {[%emt 0:04:35]} 26. c4 {[%emt 0:11:15]} Kf6 {[%emt 0:00:24]} 27. Rxa7 {[%emt 0:02:46]} Ke5 {[%emt 0:04:21]} 28. Kd2 {[%emt 0:02:52]} Kd4 {[%emt 0:00:50]} 29. h3 {[%emt 0:05:20]} g5 {[%emt 0:00:30]} 30. a4 {[%emt 0:01:29]} Re8 {[%emt 0:01:49]} 31. Bb5 {[%emt 0:00:43]} Re3 {[%emt 0:01:01]} 32. Rd7 {[%emt 0:00:13]} Ne4+ {[%emt 0:00:31]} 33. Kc2 {[%emt 0:01:37]} Re2+ {[%emt 0:00:04]} 34. Kc1 {[%emt 0:01:40]} Kc3 35. Kd1 {[%emt 0:00:41]} Kd3 {[%emt 0:00:22]} 36. d6 {[%emt 0:00:53]} Nc3+ {[%emt 0:00:06]} 37. Kc1 {[%emt 0:00:14]} Rc2# 0-1

[Event "Sparkassen-Open A"]
[Site "Heusenstamm, Martinsee"]
[Date "2023.11.23"]
[Round "1.9"]
[White "Krause, Jonah"]
[Black "Trumpp, Lothar"]
[Result "1-0"]
[WhiteElo "2366"]
[BlackElo "1885"]
[PlyCount "73"]
[EventDate "2023.??.??"]
[WhiteTeam "FC ST.Pauli 1910 eV SAbt"]
[BlackTeam "VSG 1880 Offenbach"]

1. d4 Nf6 2. c4 e6 3. Nf3 {[%emt 0:00:31]} Bb4+ {[%emt 0:00:12]} 4. Nbd2 {[%emt 0:01:23]} d5 {[%emt 0:01:38]} 5. e3 {[%emt 0:03:13]} c6 {[%emt 0:02:27]} 6. Bd3 {[%emt 0:02:12]} O-O {[%emt 0:03:00]} 7. O-O {[%emt 0:00:27]} Re8 {[%emt 0:00:54]} 8. b3 {[%emt 0:01:25]} Bd6 {[%emt 0:01:55]} 9. Bb2 a5 {[%emt 0:02:56]} 10. a3 {[%emt 0:04:01]} Na6 {[%emt 0:00:41]} 11. Qc2 {[%emt 0:00:32]} Nc7 {[%emt 0:00:41]} 12. Ne5 {[%emt 0:02:09]} h6 {[%emt 0:00:10]} 13. e4 {[%emt 0:02:30]} Nxe4 {[%emt 0:01:02]} 14. Nxe4 {[%emt 0:00:31]} dxe4 15. Bxe4 {[%emt 0:00:08]} Rf8 {[%emt 0:03:35]} 16. Qe2 {[%emt 0:02:14]} Ne8 {[%emt 0:01:13]} 17. Rfd1 {[%emt 0:04:21]} Qc7 {[%emt 0:04:38]} 18. Bc2 {[%emt 0:04:24]} f6 {[%emt 0:11:31]} 19. Nf3 {[%emt 0:07:05]} Qf7 {[%emt 0:10:24]} 20. Nh4 {[%emt 0:04:48]} f5 {[%emt 0:00:12]} 21. Nf3 {[%emt 0:00:44]} Qh5 {[%emt 0:00:17]} 22. Qe3 {[%emt 0:01:40]} Nf6 {[%emt 0:00:28]} 23. h3 {[%emt 0:00:47]} Bd7 {[%emt 0:05:34]} 24. Ne5 {[%emt 0:03:39]} Rae8 {[%emt 0:03:41]} 25. Qf3 {[%emt 0:05:57]} Qxf3 {[%emt 0:00:48]} 26. Nxf3 {[%emt 0:00:52]} Bc8 {[%emt 0:01:21]} 27. Re1 {[%emt 0:03:42]} Bc7 {[%emt 0:03:18]} 28. Bc3 {[%emt 0:01:28]} Nd7 {[%emt 0:01:29]} 29. Re2 {[%emt 0:02:47]} c5 {[%emt 0:00:49]} 30. Rae1 {[%emt 0:02:31]} Kf7 {[%emt 0:07:38]} 31. dxc5 {[%emt 0:00:20]} Nxc5 {[%emt 0:00:27]} 32. b4 {[%emt 0:00:30]} axb4 {[%emt 0:00:20]} 33. axb4 {[%emt 0:00:29]} Nd7 {[%emt 0:00:42]} 34. Ba4 {[%emt 0:02:16]} Re7 {[%emt 0:00:50]} 35. Nd4 {[%emt 0:05:28]} Nb6 {[%emt 0:00:44]} 36. Bb3 {[%emt 0:00:21]} g6 {[%emt 0:00:34]} 37. c5 {[%emt 0:00:29]} 1-0

[Event "Sparkassen-Open A"]
[Site "Heusenstamm, Martinsee"]
[Date "2023.11.23"]
[Round "1.10"]
[White "Plaumann, Arvin"]
[Black "Tschernatsch, Johannes"]
[Result "0-1"]
[WhiteElo "1805"]
[BlackElo "2312"]
[PlyCount "57"]
[EventDate "2023.??.??"]
[WhiteTeam "Sfr.Heidesheim"]
[BlackTeam "SC Empor Potsdam 1952 e.V."]

1. d4 {[%emt 0:43:00]} Nf6 {[%emt 0:00:23]} 2. g3 g6 {[%emt 0:01:14]} 3. Bg2 {[%emt 0:00:17]} d5 4. Nf3 Bg7 {[%emt 0:00:06]} 5. O-O {[%emt 0:00:16]} O-O 6. c4 {[%emt 0:00:09]} c6 {[%emt 0:00:06]} 7. cxd5 {[%emt 0:00:23]} cxd5 {[%emt 0:00:12]} 8. Nc3 {[%emt 0:00:08]} Ne4 {[%emt 0:00:47]} 9. Nxe4 {[%emt 0:02:41]} dxe4 10. Ng5 {[%emt 0:00:34]} Qxd4 {[%emt 0:03:02]} 11. Qxd4 {[%emt 0:02:27]} Bxd4 12. Rd1 {[%emt 0:00:21]} Nc6 {[%emt 0:01:27]} 13. Nxe4 {[%emt 0:04:18]} Bg4 {[%emt 0:01:32]} 14. Kf1 {[%emt 0:08:20]} Rfd8 {[%emt 0:01:03]} 15. Bd2 {[%emt 0:03:43]} Bxb2 {[%emt 0:14:31]} 16. Rab1 {[%emt 0:00:18]} Bd4 {[%emt 0:02:17]} 17. Rxb7 {[%emt 0:00:10]} Bb6 {[%emt 0:00:32]} 18. Nc3 {[%emt 0:07:37]} Rac8 {[%emt 0:10:49]} 19. Nd5 {[%emt 0:02:01]} Be6 {[%emt 0:01:00]} 20. Nxb6 {[%emt 0:03:21]} axb6 {[%emt 0:00:17]} 21. Rxb6 {[%emt 0:01:05]} Ne5 {[%emt 0:01:24]} 22. Ke1 {[%emt 0:10:26]} Bxa2 {[%emt 0:02:38]} 23. Rb2 {[%emt 0:03:14]} Be6 {[%emt 0:07:41]} 24. Ba5 {[%emt 0:05:51]} Rxd1+ {[%emt 0:00:58]} 25. Kxd1 {[%emt 0:00:09]} Nc4 {[%emt 0:03:12]} 26. Rb5 {[%emt 0:00:55]} Bd7 {[%emt 0:00:38]} 27. Rd5 {[%emt 0:06:27]} Bc6 {[%emt 0:00:35]} 28. Bb4 {[%emt 0:03:02]} Bxd5 {[%emt 0:00:03]} 29. Ke1 {[%emt 0:00:27]} 0-1

[Event "Sparkassen-Open A"]
[Site "Heusenstamm, Martinsee"]
[Date "2023.11.23"]
[Round "1.11"]
[White "Browning, Alex"]
[Black "Weyerer, Noah"]
[Result "1-0"]
[WhiteElo "2340"]
[BlackElo "1747"]
[PlyCount "101"]
[EventDate "2023.??.??"]
[WhiteTeam "Märkischer Springer Halver-Schal"]
[BlackTeam "SV Oberursel"]

1. Nf3 e6 {[%emt 0:00:22]} 2. g3 {[%emt 0:00:20]} f5 {[%emt 0:00:11]} 3. Bg2 {[%emt 0:00:44]} Nf6 {[%emt 0:00:12]} 4. O-O {[%emt 0:00:12]} Be7 {[%emt 0:00:06]} 5. c4 {[%emt 0:00:31]} O-O {[%emt 0:00:32]} 6. Nc3 {[%emt 0:00:34]} d6 {[%emt 0:00:13]} 7. d4 {[%emt 0:01:10]} Ne4 {[%emt 0:00:21]} 8. Qc2 {[%emt 0:01:51]} Nxc3 {[%emt 0:00:16]} 9. Qxc3 {[%emt 0:00:06]} a5 {[%emt 0:05:37]} 10. Qc2 {[%emt 0:05:52]} Nc6 {[%emt 0:05:00]} 11. Bd2 {[%emt 0:10:54]} e5 {[%emt 0:03:17]} 12. dxe5 {[%emt 0:05:10]} dxe5 {[%emt 0:02:22]} 13. Bc3 {[%emt 0:00:43]} Bf6 {[%emt 0:02:56]} 14. Rad1 {[%emt 0:03:54]} Qe7 {[%emt 0:05:58]} 15. b3 {[%emt 0:04:29]} Be6 {[%emt 0:09:12]} 16. Qb2 {[%emt 0:13:55]} Qc5 {[%emt 0:21:10]} 17. e3 {[%emt 0:04:03]} Rad8 {[%emt 0:04:04]} 18. Rfe1 {[%emt 0:04:53]} Rd6 {[%emt 0:07:53]} 19. h4 {[%emt 0:04:18]} h6 {[%emt 0:02:37]} 20. Bh3 {[%emt 0:09:56]} g5 {[%emt 0:07:09]} 21. hxg5 {[%emt 0:03:04]} hxg5 {[%emt 0:00:11]} 22. Bg2 {[%emt 0:02:56]} g4 {[%emt 0:07:24]} 23. Rxd6 {[%emt 0:04:14]} cxd6 {[%emt 0:02:25]} 24. Nd4 {[%emt 0:03:15]} exd4 {[%emt 0:04:04]} 25. exd4 {[%emt 0:00:10]} Nxd4 {[%emt 0:03:38]} 26. Rxe6 Nxe6 {[%emt 0:00:24]} 27. Bxf6 {[%emt 0:00:50]} Kh7 {[%emt 0:03:26]} 28. Bd5 {[%emt 0:00:40]} Kg6 {[%emt 0:00:52]} 29. Be7 {[%emt 0:03:02]} Rf7 {[%emt 0:01:41]} 30. Bh4 {[%emt 0:00:13]} Nd4 {[%emt 0:00:52]} 31. Kf1 {[%emt 0:01:29]} Rh7 {[%emt 0:00:44]} 32. Qc3 {[%emt 0:00:59]} Rxh4 {[%emt 0:00:39]} 33. gxh4 {[%emt 0:00:08]} Nf3 {[%emt 0:00:48]} 34. Bxf3 {[%emt 0:04:30]} gxf3 {[%emt 0:00:07]} 35. Qxf3 {[%emt 0:00:08]} b6 {[%emt 0:00:33]} 36. Qf4 {[%emt 0:00:31]} Kf7 {[%emt 0:00:44]} 37. Kg2 {[%emt 0:01:21]} b5 {[%emt 0:00:35]} 38. cxb5 {[%emt 0:00:09]} Qd5+ {[%emt 0:00:32]} 39. Kh2 {[%emt 0:00:24]} Qxb5 {[%emt 0:00:32]} 40. Qxd6 {[%emt 0:00:17]} Qe2 {[%emt 0:00:24]} 41. Qc7+ {[%emt 0:01:24]} Kf6 {[%emt 0:03:55]} 42. Qc6+ {[%emt 0:00:57]} Ke7 {[%emt 0:01:28]} 43. Qc5+ {[%emt 0:01:40]} Kf6 {[%emt 0:04:54]} 44. Qd4+ {[%emt 0:00:13]} Kg6 {[%emt 0:00:42]} 45. a3 {[%emt 0:00:38]} Qe7 {[%emt 0:03:35]} 46. Qf4 {[%emt 0:00:19]} Qe6 {[%emt 0:01:21]} 47. b4 {[%emt 0:00:21]} axb4 {[%emt 0:00:46]} 48. axb4 {[%emt 0:00:07]} Qd5 {[%emt 0:00:54]} 49. Qg3+ {[%emt 0:00:54]} Kh7 {[%emt 0:01:55]} 50. h5 {[%emt 0:00:43]} Kh8 {[%emt 0:01:20]} 51. h6 {[%emt 0:00:18]} 1-0